000 00289 a2200145 4500
001 64262
040 _cAnchieta - Pituba
100 _aPompéia, Raul
240 1 0 _aO Ateneu
_lpor
245 1 0 _aO Ateneu
300 _a186
362 0 _a1998
650 4 _aFicção brasileira
942 _cBK
999 _c64262
_d64262